000 00608nam a2200193Ia 4500
003 GCL
008 140319s9999 xx 000 0 ara d
040 _aGCL /
_cGCL
082 0 4 _aق
_b932
_bس م
100 1 _aسلامة موسى
245 1 0 _aمصر اصل الحضارة /
_cسلامة موسى
250 _aالاولى
260 _aالقاهرة :
_bسلامة موسى للنشر والتوزيع
300 _a95 ص ؛
_c12 سم
650 0 4 _aالحضارة الفرعونية
650 0 4 _aالحضارة المصرية
650 0 4 _aالعلوم عند الفراعنة
942 _2ddc
_cBK
999 _c58425
_d58425